| 000 | 00649nam a2200205 a 4500 | ||
|---|---|---|---|
| 005 | 20240207063558.0 | ||
| 008 | 020828s1996 mx r 000 0 spa d | ||
| 020 | _a8477383901 | ||
| 035 | _aUPN01000118687 | ||
| 049 | _aCG | ||
| 050 | 4 |
_aBF575 P9 _bM3.2 |
|
| 100 | 1 |
_aMartínez Martínez, María del Carmen, _d1962- |
|
| 245 | 1 | 0 |
_aAnálisis psicosocial del prejuicio / _cMaría del Carmen Martínez Martínez. |
| 260 |
_aMadrid : _bSíntesis, _c1996. |
||
| 300 | _a235 p. | ||
| 440 | 0 |
_aSíntesis psicología. _pPsicología social ; _v3 |
|
| 650 | 2 |
_aPrejuicios y antipatías _96606 |
|
| 650 | 7 |
_aDiscriminación racial _2 _94625 |
|
| 905 | _aLibro | ||
| 999 |
_c91053 _d91053 |
||